[Event "WGM Mediterranean Flowers"]
[Site "Rijeka"]
[Date "2017.03.15"]
[Round "1.1"]
[White "Unuk, Laura"]
[Black "Golub, Nikolina"]
[Result "1-0"]
[WhiteElo "2245"]
[BlackElo "1853"]
[PlyCount "95"]
[EventDate "2017.??.??"]
[EventCountry "CRO"]

1. d4 d5 2. c4 e6 3. Nf3 Nf6 4. g3 Be7 5. Bg2 O-O 6. O-O c6 7. Qc2 Nbd7 8. Nbd2
Re8 9. e4 dxe4 10. Nxe4 Nxe4 11. Qxe4 Nf6 12. Qc2 Qc7 13. Bf4 Bd6 14. Bxd6 Qxd6
15. Rad1 Qc7 16. Rfe1 b6 17. Ne5 Bb7 18. c5 b5 19. g4 h6 20. Qc1 Nd5 21. Rd3
Qd8 22. Rg3 Qg5 23. Qd1 Rad8 24. Be4 Re7 25. Bb1 Nf6 26. h4 Qf4 27. Rf3 Qxd4
28. Rd3 Qxd3 29. Bxd3 Rd5 30. Qb3 Nd7 31. Nxd7 Rexd7 32. Be4 Rd4 33. g5 hxg5
34. hxg5 g6 35. Kg2 a5 36. Qh3 Rd1 37. Rxd1 Rxd1 38. Qg3 Rd7 39. Qb8+ Kg7 40.
Qe8 Rc7 41. Qd8 Rc8 42. Qd7 Ba6 43. Bxc6 Rh8 44. Bxb5 Bc8 45. Qd4+ Kg8 46. Bd7
Bxd7 47. Qxd7 Kg7 48. c6 1-0

[Event "WGM Mediterranean Flowers"]
[Site "Rijeka"]
[Date "2017.03.12"]
[Round "1.2"]
[White "Drljevic, Ljilja"]
[Black "Medic, Mirjana"]
[Result "1/2-1/2"]
[WhiteElo "2257"]
[BlackElo "2149"]
[PlyCount "28"]
[EventDate "2017.??.??"]
[EventCountry "CRO"]
[WhiteClock "1:30:00"]
[BlackClock "1:30:00"]

1. e4 e6 2. d3 d5 3. Qe2 Nf6 4. Nf3 Be7 5. g3 c5 6. Bg2 Nc6 7. O-O b6 8. e5 Nd7
9. c4 Nf8 10. Nc3 Bb7 11. h4 h5 12. Re1 a6 13. a3 Ra7 14. Bf4 Nd4 1/2-1/2

[Event "WGM Mediterranean Flowers"]
[Site "Rijeka"]
[Date "2017.03.12"]
[Round "1.3"]
[White "Bogdanic, Katarina"]
[Black "Doluhanova, Evgeniya"]
[Result "0-1"]
[WhiteElo "1994"]
[BlackElo "2270"]
[PlyCount "96"]
[EventDate "2017.??.??"]
[EventCountry "CRO"]
[WhiteClock "1:30:00"]
[BlackClock "1:30:00"]

1. c4 Nf6 2. Nf3 e6 3. d4 d5 4. g3 b6 5. Bg2 Bb7 6. O-O Be7 7. Nc3 O-O 8. cxd5
Nxd5 9. Qc2 Nd7 10. Nxd5 exd5 11. Bf4 Rc8 12. Bh3 c5 13. Qd2 f5 14. Qe3 Rc6 15.
Rfd1 c4 16. Rac1 h6 17. Ne5 Re6 18. Qd2 Nxe5 19. Bxe5 Qe8 20. Qc2 Qh5 21. Bg2
b5 22. Bf3 Qg6 23. Qd2 Bg5 24. e3 Qe8 25. Ra1 Qd7 26. Bg2 Be7 27. Qe2 b4 28. g4
Rg6 29. gxf5 Qxf5 30. Bg3 h5 31. Kh1 h4 32. Bf4 Bd6 33. Bxd6 Rxd6 34. f4 c3 35.
bxc3 bxc3 36. Rac1 Rc8 37. Qf3 Rc7 38. Bh3 Qf6 39. Rc2 Ba6 40. Bf1 Qf5 41. Rdc1
Bxf1 42. Qxf1 h3 43. Qf3 Rb6 44. Kg1 Rb2 45. Qf2 Rc6 46. Kf1 Qe4 47. Ke1 Rxc2
48. Qxc2 Qxe3+ 0-1

[Event "WGM Mediterranean Flowers"]
[Site "Rijeka"]
[Date "2017.03.13"]
[Round "2.1"]
[White "Golub, Nikolina"]
[Black "Berke, Ana"]
[Result "1/2-1/2"]
[WhiteElo "1853"]
[BlackElo "2153"]
[PlyCount "116"]
[EventDate "2017.??.??"]
[EventCountry "CRO"]
[WhiteClock "0:00:51"]
[BlackClock "0:00:51"]

1. d4 Nf6 2. c4 d5 3. Nc3 c5 4. cxd5 Nxd5 5. Nf3 Nxc3 6. bxc3 g6 7. e3 Bg7 8.
Bb5+ Bd7 9. Bxd7+ Nxd7 10. O-O O-O 11. Qb3 Qc7 12. Ba3 Rab8 13. Rfd1 h6 14.
Rac1 c4 15. Qc2 Rfe8 16. Rb1 b5 17. Nd2 a5 18. Ne4 Rb7 19. Qe2 Qb8 20. Qd2 Qc7
21. Qe2 Rb6 22. Nc5 Reb8 23. Nxd7 Qxd7 24. Bc5 R6b7 25. h3 Qc6 26. Qc2 e6 27.
e4 e5 28. a3 Re8 29. f3 Rd8 30. Qf2 Rc7 31. Rd2 exd4 32. Bxd4 Bxd4 33. Rxd4
Rxd4 34. Qxd4 Rd7 35. Qe5 b4 36. axb4 a4 37. b5 Qb6+ 38. Kh2 Rd2 39. Qe8+ Kg7
40. Qe5+ Kh7 41. Qe7 Qb8+ 42. Kh1 Kg7 43. b6 Qg3 44. Rg1 Rb2 45. Qc7 Qf2 46. b7
Qa7 47. Qe5+ Kh7 48. Rd1 Qf2 49. Rg1 Qb6 50. Qe8 Qxb7 51. Qxa4 Qb3 52. Qd7 Kg7
53. Qd4+ Kh7 54. Qd7 Kg8 55. Qd8+ Kg7 56. Qd4+ Kh7 57. Qd7 Kg7 58. Qd4+ Kh7
1/2-1/2

[Event "WGM Mediterranean Flowers"]
[Site "Rijeka"]
[Date "2017.03.13"]
[Round "2.3"]
[White "Doluhanova, Evgeniya"]
[Black "Nikolova, Adriana"]
[Result "1/2-1/2"]
[WhiteElo "2270"]
[BlackElo "2339"]
[PlyCount "93"]
[EventDate "2017.??.??"]
[EventCountry "CRO"]
[WhiteClock "0:00:42"]
[BlackClock "0:01:07"]

1. e4 c5 2. Nf3 d6 3. d4 Nf6 4. Nc3 cxd4 5. Nxd4 a6 6. a4 e5 7. Nf3 Qc7 8. Bg5
Nbd7 9. Nd2 h6 10. Bxf6 Nxf6 11. Bc4 Be7 12. O-O O-O 13. Nd5 Nxd5 14. Bxd5 Kh8
15. Nc4 a5 16. Ra3 Rb8 17. Rc3 Qd8 18. Qh5 f5 19. Rd1 Rf6 20. f4 fxe4 21. fxe5
Rf5 22. Qe2 Rf4 23. h3 dxe5 24. Nxe5 Qb6+ 25. Kh1 Qf6 26. Nf7+ Kh7 27. Bxe4+
Bf5 28. Bxf5+ Rxf5 29. Rf3 Rxf3 30. Qxf3 Qxf3 31. gxf3 Rf8 32. Ne5 Rf5 33. Nc4
Rxf3 34. Kg2 Rf4 35. b3 Bc5 36. Nxa5 b6 37. Nb7 Rf2+ 38. Kg3 Rxc2 39. Nxc5 Rxc5
40. Rd3 b5 41. a5 b4 42. a6 Ra5 43. Rd4 Rxa6 44. Rxb4 Kg6 45. Rf4 Ra1 46. Rf3
Kh5 47. Re3 1/2-1/2

[Event "WGM Mediterranean Flowers"]
[Site "Rijeka"]
[Date "2017.03.13"]
[Round "2.4"]
[White "Medic, Mirjana"]
[Black "Bogdanic, Katarina"]
[Result "1-0"]
[WhiteElo "2149"]
[BlackElo "1994"]
[PlyCount "115"]
[EventDate "2017.??.??"]
[EventCountry "CRO"]
[WhiteClock "0:01:01"]
[BlackClock "0:00:42"]

1. d4 Nf6 2. Nf3 e6 3. e3 c5 4. Bd3 b6 5. b3 cxd4 6. exd4 Bb7 7. O-O Be7 8. Bb2
O-O 9. c4 d5 10. Nbd2 Nc6 11. Rc1 Rc8 12. Qe2 Re8 13. Rfd1 Bd6 14. Ne5 Bb8 15.
Ndf3 Qe7 16. Ng5 Nd8 17. cxd5 Rxc1 18. Rxc1 h6 19. Ngf3 Bxd5 20. Bb5 Rf8 21.
Ba6 Qd6 22. Qb5 Bxf3 23. Nxf3 Qf4 24. Qe2 Bd6 25. g3 Qg4 26. Ne5 Qxe2 27. Bxe2
Nb7 28. Nc6 a5 29. Ne5 Ra8 30. Bb5 Nd8 31. Nc4 Bc7 32. Ne3 Bd6 33. Nc4 Bc7 34.
Ba3 Nb7 35. Bc6 Rb8 36. Kg2 Kh7 37. f4 h5 38. Ne5 Kg8 39. Nc4 Kh7 40. Kf3 g6
41. Ne5 Kg7 42. Be7 Ng8 43. Nd7 Re8 44. Bf8+ Rxf8 45. Nxf8 Kxf8 46. Bxb7 Bd8
47. Rc8 Ke7 48. Bc6 Nh6 49. d5 Nf5 50. dxe6 fxe6 51. Be4 Kd7 52. Rc1 Ne7 53.
Rd1+ Kc7 54. Bd3 Kc6 55. Bxg6 Nxg6 56. Rxd8 Ne7 57. g4 hxg4+ 58. Kxg4 1-0

[Event "WGM Mediterranean Flowers"]
[Site "Rijeka"]
[Date "2017.03.13"]
[Round "2.5"]
[White "Unuk, Laura"]
[Black "Drljevic, Ljilja"]
[Result "1/2-1/2"]
[WhiteElo "2245"]
[BlackElo "2257"]
[PlyCount "83"]
[EventDate "2017.??.??"]
[EventCountry "CRO"]
[WhiteClock "0:00:59"]
[BlackClock "0:00:59"]

1. d4 g6 2. Nf3 Bg7 3. g3 d6 4. Bg2 Nd7 5. O-O e5 6. dxe5 dxe5 7. Nc3 Ngf6 8.
a4 a5 9. Nd2 Nb6 10. Nb3 O-O 11. Be3 Nfd7 12. Qc1 Qe7 13. Rd1 c6 14. Bg5 f6 15.
Bh6 f5 16. Bxg7 Kxg7 17. Nd2 e4 18. Nf1 Nf6 19. b3 Qc5 20. Qe3 Qxe3 21. Nxe3
Be6 22. f3 exf3 23. exf3 Rfe8 24. Kf2 Re7 25. Bf1 Rae8 26. Re1 Bf7 27. Rad1 Re5
28. Bd3 Nfd7 29. Nb1 Nc5 30. Bf1 Nd5 31. Nc4 Rxe1 32. Rxe1 Rxe1 33. Kxe1 b6 34.
Kd2 Kf6 35. Nc3 Nd7 36. f4 Nxc3 37. Kxc3 Bd5 38. Kd4 h6 39. Bd3 Bf3 40. Ke3 Bd5
41. Kd4 Bf3 42. Ke3 1/2-1/2

[Event "WGM Mediterranean Flowers"]
[Site "Rijeka"]
[Date "2017.03.14"]
[Round "3.1"]
[White "Drljevic, Ljilja"]
[Black "Golub, Nikolina"]
[Result "1-0"]
[WhiteElo "2257"]
[BlackElo "1853"]
[PlyCount "65"]
[EventDate "2017.??.??"]
[EventCountry "CRO"]

1. e4 c5 2. d3 e6 3. g3 d5 4. Nd2 Nc6 5. Bg2 b6 6. f4 Bb7 7. Ngf3 Bd6 8. O-O
Nge7 9. e5 Bc7 10. Rf2 O-O 11. c3 a5 12. Nf1 b5 13. d4 Bb6 14. g4 b4 15. Be3
cxd4 16. cxd4 a4 17. Ng3 a3 18. b3 Na7 19. Qd2 Ba5 20. Ng5 h6 21. f5 exf5 22.
gxf5 hxg5 23. f6 gxf6 24. exf6 Ng6 25. Bxg5 Re8 26. Nf5 Qc7 27. Ne7+ Nxe7 28.
fxe7 Qc3 29. Qf4 Qxa1+ 30. Bf1 Rf8 31. Bf6 Qb1 32. Rg2+ Qg6 33. Qh6 1-0

[Event "WGM Mediterranean Flowers"]
[Site "Rijeka"]
[Date "2017.03.14"]
[Round "3.2"]
[White "Bogdanic, Katarina"]
[Black "Unuk, Laura"]
[Result "0-1"]
[WhiteElo "1994"]
[BlackElo "2245"]
[PlyCount "102"]
[EventDate "2017.??.??"]
[EventCountry "CRO"]

1. c4 Nf6 2. Nf3 e6 3. g3 d5 4. d4 dxc4 5. Qa4+ Nbd7 6. Bg2 a6 7. Qxc4 c5 8.
dxc5 Bxc5 9. Nbd2 b5 10. Qb3 Bb7 11. O-O O-O 12. Ne1 Bxg2 13. Nxg2 Qb6 14. Nf3
Ng4 15. e3 Rad8 16. a4 e5 17. h3 e4 18. hxg4 exf3 19. Nh4 Ne5 20. Qc3 Rfe8 21.
Bd2 b4 22. Qc2 Be7 23. Nf5 Nxg4 24. Qe4 Ne5 25. Nxe7+ Rxe7 26. Bxb4 Qe6 27. Qh4
Red7 28. Bc3 Ng6 29. Qh5 Qe4 30. Bd4 Rd5 31. Qh3 h5 32. Rac1 h4 33. Rc8 hxg3
34. Rxd8+ Rxd8 35. fxg3 Ne5 36. Qh1 Rxd4 37. exd4 Qxd4+ 38. Rf2 Qxa4 39. Qh5
Qd4 40. Qf5 Ng4 41. Qc8+ Kh7 42. Qf5+ Kh6 43. Qxf3 Qxf2+ 44. Qxf2 Nxf2 45. Kxf2
Kg5 46. Kf3 f5 47. b4 g6 48. Ke3 Kg4 49. Kf2 Kh3 50. Kf3 g5 51. Kf2 g4 0-1

[Event "WGM Mediterranean Flowers"]
[Site "Rijeka"]
[Date "2017.03.14"]
[Round "4.1"]
[White "Golub, Nikolina"]
[Black "Cvitan, Ena"]
[Result "0-1"]
[WhiteElo "1853"]
[BlackElo "2029"]
[PlyCount "90"]
[EventDate "2017.??.??"]
[EventCountry "CRO"]

1. d4 Nf6 2. c4 e6 3. Nc3 Bb4 4. e3 O-O 5. Nf3 b6 6. Bd3 Bb7 7. O-O d5 8. cxd5
exd5 9. a3 Bd6 10. Bd2 Nbd7 11. b4 c6 12. Re1 Re8 13. Qc2 c5 14. Nb5 Bf8 15.
bxc5 bxc5 16. dxc5 Nxc5 17. Be2 a6 18. Nbd4 Nfe4 19. Rec1 Rc8 20. Qa2 Qf6 21.
Rab1 g5 22. h3 h5 23. g4 Bd6 24. Rb6 Bh2+ 25. Kxh2 Qxb6 26. Kg2 Ne6 27. Rb1 Qc7
28. Qb2 Rb8 29. Rc1 Qd7 30. Ne5 Qd8 31. Nf5 Nxd2 32. Qxd2 d4+ 33. f3 dxe3 34.
Nh6+ Kf8 35. Nd7+ Kg7 36. Nf5+ Kg8 37. Qd6 Rc8 38. Rb1 Rc6 39. Qd1 Nf4+ 40. Kf1
Bc8 41. Rb8 Qxd7 42. Qxd7 Bxd7 43. Rxe8+ Bxe8 44. Ne7+ Kg7 45. Nxc6 Bxc6 0-1

[Event "WGM Mediterranean Flowers"]
[Site "Rijeka"]
[Date "2017.03.14"]
[Round "4.2"]
[White "Doluhanova, Evgeniya"]
[Black "Berke, Ana"]
[Result "1/2-1/2"]
[WhiteElo "2270"]
[BlackElo "2153"]
[PlyCount "107"]
[EventDate "2017.??.??"]
[EventCountry "CRO"]

1. e4 c5 2. Nf3 d6 3. d4 cxd4 4. Nxd4 Nf6 5. Nc3 a6 6. a4 Nc6 7. Be2 e5 8. Nf3
h6 9. Bc4 Be7 10. h3 O-O 11. Be3 Qc7 12. O-O Nd4 13. Bd5 Nxf3+ 14. Qxf3 Be6 15.
a5 Bxd5 16. exd5 Rac8 17. Ra4 Rfe8 18. Qg3 Kh7 19. f4 e4 20. f5 Qd7 21. Raa1
Rc4 22. Qf2 Rec8 23. Qd2 Qc7 24. Bb6 Qb8 25. Rae1 Bd8 26. Bxd8 Rxd8 27. b3 Qa7+
28. Qe3 Qxe3+ 29. Rxe3 Rd4 30. Rd1 Rb4 31. Rde1 Re8 32. g4 Rc8 33. Nxe4 Nxe4
34. Rxe4 Rb5 35. R1e2 Rxd5 36. Re7 Rxa5 37. Rxf7 Ra2 38. Rxb7 Kh8 39. h4 Rcxc2
40. Rxc2 Rxc2 41. g5 hxg5 42. hxg5 Rc8 43. g6 Kg8 44. Ra7 Kf8 45. Rxa6 Ke7 46.
Ra7+ Kf6 47. Rf7+ Kg5 48. Rxg7 Kxf5 49. Rd7 Kxg6 50. Rxd6+ Kf5 51. Kf2 Ke5 52.
Rd3 Ke4 53. Rd7 Rb8 54. Re7+ 1/2-1/2

[Event "WGM Mediterranean Flowers"]
[Site "Rijeka"]
[Date "2017.03.14"]
[Round "4.3"]
[White "Medic, Mirjana"]
[Black "Kejzar, Petra"]
[Result "1/2-1/2"]
[WhiteElo "2149"]
[BlackElo "2013"]
[PlyCount "81"]
[EventDate "2017.??.??"]
[EventCountry "CRO"]

1. d4 g6 2. Nf3 Bg7 3. c4 f5 4. g3 Nf6 5. Bg2 O-O 6. O-O d6 7. Nc3 c6 8. b3 Na6
9. Bb2 Qe8 10. d5 Bd7 11. Nd4 Nc5 12. Rb1 a5 13. Re1 Nce4 14. Qd3 Qf7 15. dxc6
bxc6 16. f3 Nc5 17. Qd2 Rad8 18. e4 e5 19. Nc2 Bc8 20. Ba3 Qa7 21. Kh1 f4 22.
gxf4 Bh6 23. Qf2 Bxf4 24. Na4 Qg7 25. Nxc5 dxc5 26. Rbd1 Qh6 27. Bf1 Bd2 28.
Re2 Bc3 29. Rxd8 Rxd8 30. Bxc5 Rd1 31. Ne3 Rb1 32. Ng2 Bh3 33. Be3 Qf8 34. Rc2
Ng4 35. Qe2 Bxg2+ 36. Kxg2 Re1 37. Qxe1 Bxe1 38. fxg4 h5 39. Be2 h4 40. Rc1 Bb4
41. c5 1/2-1/2

[Event "WGM Mediterranean Flowers"]
[Site "Rijeka"]
[Date "2017.03.14"]
[Round "4.4"]
[White "Unuk, Laura"]
[Black "Nikolova, Adriana"]
[Result "1/2-1/2"]
[WhiteElo "2245"]
[BlackElo "2339"]
[PlyCount "38"]
[EventDate "2017.??.??"]
[EventCountry "CRO"]

1. d4 d5 2. c4 c6 3. Nf3 Nf6 4. e3 a6 5. Nc3 e6 6. Bd3 c5 7. O-O dxc4 8. Bxc4
b5 9. Be2 Bb7 10. dxc5 Qxd1 11. Rxd1 Bxc5 12. a3 Nbd7 13. b4 Be7 14. Bb2 O-O
15. Rac1 Rac8 16. Nd4 Nb6 17. Nb3 Ba8 18. Nb1 Be4 19. N1d2 Bc2 1/2-1/2

[Event "WGM Mediterranean Flowers"]
[Site "Rijeka"]
[Date "2017.03.14"]
[Round "4.5"]
[White "Drljevic, Ljilja"]
[Black "Bogdanic, Katarina"]
[Result "1-0"]
[WhiteElo "2257"]
[BlackElo "1994"]
[PlyCount "53"]
[EventDate "2017.??.??"]
[EventCountry "CRO"]

1. e4 c5 2. Nf3 b6 3. Nc3 Bb7 4. Bc4 e6 5. O-O d6 6. d4 cxd4 7. Nxd4 a6 8. Bxe6
fxe6 9. Nxe6 Qd7 10. Nd5 Bxd5 11. exd5 Ne7 12. Re1 Ra7 13. Bg5 Qa4 14. Qh5+ g6
15. Qf3 Rg8 16. b3 Qb5 17. Qf6 Qd7 18. Re2 h6 19. Nxf8 Rxf8 20. Qxg6+ Rf7 21.
Bf6 Qd8 22. Rae1 Rd7 23. Rxe7+ Rdxe7 24. Rxe7+ Qxe7 25. Bxe7 Kxe7 26. Qe6+ Kf8
27. Qxd6+ 1-0

[Event "WGM Mediterranean Flowers"]
[Site "Rijeka"]
[Date "2017.03.15"]
[Round "5.1"]
[White "Bogdanic, Katarina"]
[Black "Golub, Nikolina"]
[Result "1-0"]
[WhiteElo "1994"]
[BlackElo "1853"]
[PlyCount "79"]
[EventDate "2017.??.??"]
[EventCountry "CRO"]
[WhiteClock "1:30:00"]
[BlackClock "1:30:00"]

1. Nf3 d5 2. c4 e6 3. g3 Nf6 4. d4 Be7 5. Bg2 O-O 6. O-O c5 7. cxd5 exd5 8.
dxc5 Bxc5 9. Nc3 h6 10. Bf4 Be6 11. Rc1 Qe7 12. Nb5 Nbd7 13. Nfd4 a6 14. Nc7
Rac8 15. Ndxe6 fxe6 16. Bh3 g5 17. Nxe6 gxf4 18. Nxf8 Kxf8 19. b4 fxg3 20. hxg3
Qe5 21. bxc5 Rxc5 22. Rxc5 Nxc5 23. Qc1 Nfe4 24. Qxh6+ Ke7 25. Qh7+ Kd8 26.
Qh4+ Ke8 27. Qg4 b5 28. Rc1 Qd4 29. Qc8+ Ke7 30. Qc7+ Ke8 31. Qf4 Qb2 32. f3
Nxg3 33. Qe3+ Kf7 34. Rxc5 Nxe2+ 35. Kf1 Ng3+ 36. Ke1 Qb4+ 37. Kf2 Qh4 38. Qe6+
Kg7 39. Rc7+ Kf8 40. Qf7# 1-0

[Event "WGM Mediterranean Flowers"]
[Site "Rijeka"]
[Date "2017.03.15"]
[Round "5.4"]
[White "Berke, Ana"]
[Black "Medic, Mirjana"]
[Result "1/2-1/2"]
[WhiteElo "2153"]
[BlackElo "2149"]
[PlyCount "35"]
[EventDate "2017.??.??"]
[EventCountry "CRO"]
[WhiteClock "1:25:00"]
[BlackClock "1:30:00"]

1. e4 e6 2. c4 d5 3. exd5 exd5 4. cxd5 Qxd5 5. Nc3 Qd8 6. Nf3 Nf6 7. d4 Be7 8.
Bd3 Bg4 9. O-O O-O 10. Re1 c6 11. Bc2 Re8 12. Qd3 Nbd7 13. Ng5 Nf8 14. Bb3 Nd5
15. Nxd5 cxd5 16. Nf3 Be6 17. Bd2 Ng6 18. h3 1/2-1/2

[Event "WGM Mediterranean Flowers"]
[Site "Rijeka"]
[Date "2017.03.15"]
[Round "5.5"]
[White "Cvitan, Ena"]
[Black "Doluhanova, Evgeniya"]
[Result "1/2-1/2"]
[WhiteElo "2029"]
[BlackElo "2270"]
[PlyCount "65"]
[EventDate "2017.??.??"]
[EventCountry "CRO"]
[WhiteClock "1:25:00"]
[BlackClock "1:30:00"]

1. d4 Nf6 2. c4 e6 3. Nc3 Bb4 4. e3 O-O 5. Bd3 c5 6. Nge2 d5 7. cxd5 exd5 8. a3
Bxc3+ 9. bxc3 b6 10. c4 dxc4 11. Bxc4 Ba6 12. Bxa6 Nxa6 13. Bb2 Qd7 14. O-O
Rfd8 15. dxc5 Qxd1 16. Rfxd1 bxc5 17. Bxf6 gxf6 18. h4 Kf8 19. Nc3 Rab8 20.
Rxd8+ Rxd8 21. Rc1 Ke7 22. Nb5 Rd3 23. Rc3 Rd1+ 24. Kh2 Rb1 25. Nxa7 Kd7 26.
Rd3+ Kc7 27. a4 Kb6 28. Nb5 Rb4 29. Rd6+ Ka5 30. Rxf6 Rxh4+ 31. Kg3 Rxa4 32.
Nd6 c4 33. Nxc4+ 1/2-1/2

[Event "WGM Mediterranean Flowers"]
[Site "Rijeka"]
[Date "2017.03.16"]
[Round "6.1"]
[White "Golub, Nikolina"]
[Black "Doluhanova, Evgeniya"]
[Result "0-1"]
[WhiteElo "1853"]
[BlackElo "2270"]
[PlyCount "62"]
[EventDate "2017.??.??"]
[EventCountry "CRO"]
[WhiteClock "1:30:00"]
[BlackClock "1:30:00"]

1. d4 Nf6 2. c4 e6 3. Nc3 Bb4 4. e3 O-O 5. Nf3 d5 6. cxd5 Nxd5 7. Bd2 Be7 8.
Nxd5 exd5 9. Bd3 Bg4 10. h3 Bh5 11. O-O Nd7 12. Rc1 Nf6 13. Be2 Ne4 14. Ne5
Bxe2 15. Qxe2 Bd6 16. Nd3 a5 17. a3 Re8 18. Rfd1 Qg5 19. Ne1 Re6 20. Nf3 Qh5
21. Kf1 Rf6 22. Be1 g5 23. Qb5 Rxf3 24. gxf3 Qxf3 25. Kg1 Qxh3 26. Qxb7 Re8 27.
Qc6 Re6 28. Qa8+ Kg7 29. Qc8 Bh2+ 30. Kh1 Qf1+ 31. Kxh2 Rh6+ 0-1

[Event "WGM Mediterranean Flowers"]
[Site "Rijeka"]
[Date "2017.03.16"]
[Round "6.2"]
[White "Medic, Mirjana"]
[Black "Cvitan, Ena"]
[Result "1/2-1/2"]
[WhiteElo "2149"]
[BlackElo "2029"]
[PlyCount "35"]
[EventDate "2017.??.??"]
[EventCountry "CRO"]
[WhiteClock "1:30:00"]
[BlackClock "1:30:00"]

1. d4 d5 2. Nf3 Nf6 3. c4 e6 4. Nc3 Be7 5. Bg5 O-O 6. e3 h6 7. Bh4 b6 8. Bd3
Bb7 9. O-O Nbd7 10. Rc1 Ne4 11. Bxe7 Qxe7 12. Qe2 Nxc3 13. Rxc3 dxc4 14. Bxc4
c5 15. Bb5 Nf6 16. dxc5 Ne4 17. Rcc1 Nxc5 18. Rfd1 1/2-1/2

[Event "WGM Mediterranean Flowers"]
[Site "Rijeka"]
[Date "2017.03.16"]
[Round "6.5"]
[White "Bogdanic, Katarina"]
[Black "Nikolova, Adriana"]
[Result "0-1"]
[WhiteElo "1994"]
[BlackElo "2339"]
[PlyCount "106"]
[EventDate "2017.??.??"]
[EventCountry "CRO"]
[WhiteClock "1:30:00"]
[BlackClock "1:30:00"]

1. Nf3 d5 2. g3 Nf6 3. Bg2 b5 4. d4 e6 5. Bf4 Bb7 6. Nbd2 Nbd7 7. c3 c5 8. O-O
Be7 9. Ne5 Nxe5 10. Bxe5 O-O 11. Nf3 Ne4 12. dxc5 Bxc5 13. Nd4 Qb6 14. Bf4 b4
15. Rb1 Rfe8 16. Be3 a5 17. Nc2 Ba6 18. Bxc5 Qxc5 19. cxb4 axb4 20. Rc1 Rac8
21. Qe1 Rb8 22. Qd1 Rec8 23. Bxe4 dxe4 24. Qd4 Qxd4 25. Nxd4 Bc4 26. b3 Bd5 27.
Nb5 g6 28. Nd6 Rd8 29. Nc4 Ra8 30. Rc2 Ra6 31. Rd1 Rc8 32. Kf1 Kf8 33. Ke1 Ke7
34. e3 f5 35. h4 h6 36. Rdc1 Kf6 37. Kd2 Rca8 38. Ra1 g5 39. hxg5+ Kxg5 40. Ke1
Bxc4 41. Rxc4 Rxa2 42. Rxa2 Rxa2 43. Rxb4 Kg4 44. Rd4 Rb2 45. Rd6 Kf3 46. Rxe6
Rxf2 47. Rxh6 Kxe3 48. Rf6 Rf3 49. b4 Rxg3 50. Rxf5 Rg1+ 51. Rf1 Rxf1+ 52. Kxf1
Kd2 53. b5 e3 0-1

[Event "WGM Mediterranean Flowers"]
[Site "Rijeka"]
[Date "2017.03.16"]
[Round "7.1"]
[White "Nikolova, Adriana"]
[Black "Golub, Nikolina"]
[Result "1-0"]
[WhiteElo "2339"]
[BlackElo "1853"]
[PlyCount "63"]
[EventDate "2017.??.??"]
[EventCountry "CRO"]

1. e4 c5 2. Nf3 e6 3. d4 cxd4 4. Nxd4 Nf6 5. Nc3 Nc6 6. Ndb5 d6 7. Bf4 e5 8.
Bg5 a6 9. Na3 Be7 10. Nc4 b5 11. Bxf6 gxf6 12. Ne3 Nd4 13. Ncd5 Be6 14. c3 Nc6
15. a4 Rb8 16. axb5 axb5 17. Bd3 h5 18. b4 Qd7 19. Qe2 Na7 20. O-O Kf8 21. Ra6
Kg7 22. f4 f5 23. Nxe7 Qxe7 24. exf5 Bc8 25. f6+ Qxf6 26. Rxa7 exf4 27. Nd5 Qe5
28. Nxf4 Qxe2 29. Bxe2 Bg4 30. Bxg4 hxg4 31. Ne6+ Kg6 32. Raxf7 1-0

[Event "WGM Mediterranean Flowers"]
[Site "Rijeka"]
[Date "2017.03.16"]
[Round "7.4"]
[White "Cvitan, Ena"]
[Black "Unuk, Laura"]
[Result "1/2-1/2"]
[WhiteElo "2029"]
[BlackElo "2245"]
[PlyCount "57"]
[EventDate "2017.??.??"]
[EventCountry "CRO"]

1. d4 Nf6 2. c4 e6 3. Nc3 Bb4 4. e3 O-O 5. Bd3 d5 6. a3 Bxc3+ 7. bxc3 dxc4 8.
Bxc4 c5 9. Nf3 Qc7 10. Ba2 Nc6 11. O-O e5 12. d5 Rd8 13. e4 Ne7 14. Nd2 Ng6 15.
Qc2 Ne8 16. a4 b6 17. Bc4 Nd6 18. Re1 f5 19. Bf1 Rf8 20. c4 Bd7 21. Bb2 Rae8
22. a5 Rf7 23. axb6 axb6 24. Bc3 Qd8 25. f3 Qg5 26. Kh1 Nh4 27. Qb2 fxe4 28.
Nxe4 Nxe4 29. Rxe4 1/2-1/2

[Event "WGM Mediterranean Flowers"]
[Site "Rijeka"]
[Date "2017.03.17"]
[Round "8.1"]
[White "Golub, Nikolina"]
[Black "Medic, Mirjana"]
[Result "0-1"]
[WhiteElo "1853"]
[BlackElo "2149"]
[PlyCount "79"]
[EventDate "2017.??.??"]
[EventCountry "CRO"]
[WhiteClock "1:30:00"]
[BlackClock "1:30:00"]

1. d4 Nf6 2. c4 e6 3. Nc3 Bb4 4. e3 O-O 5. Nf3 d5 6. cxd5 exd5 7. a3 Bd6 8. Nb5
Be7 9. Qc2 c6 10. Nc3 Re8 11. Bd3 Bd6 12. O-O h6 13. h3 Nbd7 14. e4 dxe4 15.
Nxe4 Nxe4 16. Bxe4 Nf6 17. Re1 Nxe4 18. Rxe4 Rxe4 19. Qxe4 Be6 20. Be3 Qf6 21.
Nd2 Bd5 22. Qd3 Re8 23. Nc4 Be4 24. Qf1 Bc7 25. Re1 Re6 26. Nd2 Bd5 27. b4 Qe7
28. Rc1 Qd6 29. Qe1 Qh2+ 30. Kf1 Qxg2+ 31. Ke2 Bf4 32. Kd1 Qxh3 33. Rc3 Qf5 34.
Qg1 Rg6 35. Qe1 Bh2 36. f4 Qg4+ 37. Kc2 Bxf4 38. Bxf4 Qxf4 39. Qe5 Qxe5 40.
dxe5 0-1

[Event "WGM Mediterranean Flowers"]
[Site "Rijeka"]
[Date "2017.03.17"]
[Round "8.3"]
[White "Drljevic, Ljilja"]
[Black "Cvitan, Ena"]
[Result "1/2-1/2"]
[WhiteElo "2257"]
[BlackElo "2029"]
[PlyCount "72"]
[EventDate "2017.??.??"]
[EventCountry "CRO"]
[WhiteClock "1:30:00"]
[BlackClock "1:30:00"]

1. e4 c6 2. d3 d5 3. Nd2 e5 4. Ngf3 Bd6 5. g3 Nf6 6. Bg2 O-O 7. O-O Re8 8. b3
a5 9. a3 Na6 10. Bb2 Rb8 11. exd5 cxd5 12. Re1 Qc7 13. d4 e4 14. Ne5 b5 15. Nf1
Be6 16. Ne3 Rbc8 17. Qe2 Qb7 18. Bf1 Nc7 19. a4 b4 20. Rad1 Rb8 21. f4 exf3 22.
Qxf3 Ne4 23. Nf5 Bxf5 24. Qxf5 Bxe5 25. dxe5 Ne6 26. Bd3 g6 27. Qf3 Qb6+ 28.
Qe3 N4c5 29. Bb5 Red8 30. Kg2 Qb7 31. h4 Rbc8 32. Qf3 Ne4 33. Bd3 N4c5 34. Bb5
Ne4 35. Bd3 N4c5 36. Bb5 Ne4 1/2-1/2

[Event "WGM Mediterranean Flowers"]
[Site "Rijeka"]
[Date "2017.03.17"]
[Round "8.4"]
[White "Bogdanic, Katarina"]
[Black "Berke, Ana"]
[Result "0-1"]
[WhiteElo "1994"]
[BlackElo "2153"]
[PlyCount "80"]
[EventDate "2017.??.??"]
[EventCountry "CRO"]
[WhiteClock "1:30:00"]
[BlackClock "1:30:00"]

1. Nf3 c5 2. c4 Nc6 3. Nc3 e5 4. g3 g6 5. Bg2 Bg7 6. O-O Nge7 7. Ne1 d6 8. Nc2
Nf5 9. d3 O-O 10. Ne3 Nxe3 11. Bxe3 h6 12. Qd2 Kh7 13. f4 exf4 14. Bxf4 g5 15.
Be3 Be6 16. Nd5 f5 17. Bf2 Qd7 18. e3 Rf7 19. Qe2 Raf8 20. Be1 Ne5 21. Bc3 b5
22. cxb5 Qxb5 23. Rad1 Re8 24. h3 a5 25. Qd2 a4 26. Ba5 Rc8 27. Bc3 Kh8 28. Kh2
Ra7 29. Rf2 Qe8 30. d4 Nc4 31. Qd3 Bxd5 32. Bxd5 Nxe3 33. Re2 Re7 34. dxc5 Ng4+
35. hxg4 Rxe2+ 36. Kh1 Rxc5 37. Bxg7+ Kxg7 38. Qxf5 Re1+ 39. Rxe1 Qxe1+ 40. Kh2
Qd2+ 0-1

[Event "WGM Mediterranean Flowers"]
[Site "Rijeka"]
[Date "2017.03.18"]
[Round "9.1"]
[White "Kejzar, Petra"]
[Black "Golub, Nikolina"]
[Result "0-1"]
[WhiteElo "2013"]
[BlackElo "1853"]
[PlyCount "111"]
[EventDate "2017.??.??"]
[EventCountry "CRO"]
[WhiteClock "1:31:00"]
[BlackClock "1:32:00"]

1. e4 c5 2. Nf3 e6 3. d4 cxd4 4. Nxd4 Nf6 5. Nc3 Nc6 6. Be3 Bb4 7. Nxc6 bxc6 8.
Bd3 d5 9. exd5 exd5 10. a3 Ba5 11. Bd2 Bg4 12. f3 Be6 13. O-O Bb6+ 14. Kh1 O-O
15. Ne2 c5 16. c3 Nd7 17. f4 Bg4 18. h3 Qh4 19. Qe1 Qxe1 20. Raxe1 Bxe2 21.
Rxe2 c4 22. Bc2 d4 23. cxd4 Bxd4 24. Bb4 Bc5 25. Bc3 Nb6 26. Re5 Bd6 27. Rg5 f6
28. Rg3 Rad8 29. Bf5 Kh8 30. Rgf3 Rfe8 31. g4 Nd5 32. Bd4 Bb8 33. b4 cxb3 34.
Rxb3 Ne7 35. Bb2 Nxf5 36. gxf5 Rd5 37. Rb7 Rd2 38. Bc3 Rd3 39. Rfb1 Bxf4 40.
Ba1 Rxh3+ 41. Kg2 Rxa3 42. Bd4 a5 43. Ra7 h5 44. Rh1 Re2+ 45. Kf1 Rh2 46. Rg1
Rd3 47. Bf2 Rd1+ 48. Be1 Bd2 49. Re7 Rxe1+ 50. Rxe1 Bxe1 51. Kxe1 Rb2 52. Rg3
Rb5 53. Rf3 Kh7 54. Kf2 Kh6 55. Ke3 Rb3+ 56. Kd4 0-1